Fighting back (Record no. 82108)

MARC details
000 -LEADER
fixed length control field 01209cad a22002175a 4500
001 - CONTROL NUMBER
control field L149281
008 - FIXED-LENGTH DATA ELEMENTS--GENERAL INFORMATION
fixed length control field 100217s2010 xxk f 000 0 eng d
035 ## - SYSTEM CONTROL NUMBER
System control number (Sirsi) u149281
041 0# - LANGUAGE CODE
Language code of text/sound track or separate title eng
100 1# - MAIN ENTRY--PERSONAL NAME
Personal name Roberts, James
245 00 - TITLE STATEMENT
Title Fighting back
Remainder of title repossession compensation claims against surveyors
Medium [electronic resource]
260 ## - PUBLICATION, DISTRIBUTION, ETC.
Date of publication, distribution, etc. 2010
490 ## - SERIES STATEMENT
Series statement RICS Residential Property Journal
Volume/sequential designation Jan-Feb 2010, 8-9(2)
520 ## - SUMMARY, ETC.
Summary, etc. Surveyors facing claims from mortgage lenders unable to realise the value at sale of repossessed properties may be able defend their position by claiming contributory negligence. A bad lending decision can enable the surveyor to defeat a claim entirely or achieve a substantial reduction in any damages awarded. Then of course, the next step is to investigate how much of the claim can be passed onto the lender's solicitor and the mortgage broker.
590 ## - LOCAL NOTE (RLIN)
Local note KA
651 #4 - SUBJECT ADDED ENTRY--GEOGRAPHIC NAME
Geographic name England and Wales
Chronological subdivision 1543-
690 ## - LOCAL SUBJECT ADDED ENTRY--TOPICAL TERM (OCLC, RLIN)
Topical term or geographic name as entry element PROPERTY-RESIDENTIAL PROPERTY-ACQUISITION AND DISPOSAL OF RESIDENTIAL PROPERTY
700 ## - ADDED ENTRY--PERSONAL NAME
Personal name Oliver, Samantha
856 40 - ELECTRONIC LOCATION AND ACCESS
Uniform Resource Identifier <a href="https://www.rics.org/site/download_feed.aspx?fileID=5567">https://www.rics.org/site/download_feed.aspx?fileID=5567</a>
Public note View this item (member-only access) at www.rics.org
942 ## - ADDED ENTRY ELEMENTS (KOHA)
Suppress in OPAC 0
Holdings
Withdrawn status Lost status Source of classification or shelving scheme Damaged status Not for loan Home library Current library Shelving location Date acquired Total Checkouts Full call number Barcode Date last seen Price effective from Koha item type
    Dewey Decimal Classification     Virtual Virtual Online 17/02/2010   ONLINE PUBLICATION 149281-2001 06/08/2019 06/08/2019 Journal